Classic Cycle Races Monuments by nations - Statistics

General Stats
  • This quiz has been taken 620 times
  • The average score is 14 of 18
Answer Stats
Victories Country % Correct
233 Belgium
99%
61 France
99%
10 Spain
99%
150 Italy
98%
23 Netherlands
93%
1 USA
92%
13 Germany
91%
3 United Kingdom
90%
20 Switzerland
85%
3 Russia
82%
4 Australia
78%
11 Ireland
78%
2 Denmark
74%
4 Luxembourg
74%
1 Sweden
71%
2 Norway
63%
1 Lithuania
36%
3 Kazakhstan
33%
No matching quizzes found
Score Distribution
Percent of People with Each Score
Percentile by Number Answered
Your Score History
You have not taken this quiz